| 000 | 00472cam a22001697a 4500 | ||
|---|---|---|---|
| 008 | 180718b2000 xxu||||| |||| 00| 0 eng d | ||
| 020 | _a8121206553 | ||
| 082 | _aN4 Se55 | ||
| 100 | _aSen, Sankar | ||
| 245 |
_aPolice in democratic societies _cby Sankar Sen |
||
| 260 |
_aDelhi _bGyan Publishing House _c2000 |
||
| 300 | _a249p. | ||
| 650 | _aPolice regulations | ||
| 650 | _aPolice training | ||
| 650 | _aPolice - Complaints against | ||
| 650 | _aPolice administration | ||
| 999 |
_c395558 _d395558 |
||